000 00487nam a2200169 a 4500
005 20140412111323.0
008 001113s19uu xx 00 eng d
020 _a0-307-12822-9
050 _aER
_bBa23 1995
100 _aMarks Cathy
245 _aBarbie: dance ballerina /
_cby Cathy Marks ; illustrated by S. I. Artist.
260 _aNew York :
_bA Golden Book,
_c1995.
300 _a[23] p. ; ill.
650 _aBallet -- Stories
650 _aBallet -- Fiction
999 _c104459
_d104459